[Event "Titled Tuesday intern op 24th Oct Late"]
[Site "Chess.com INT"]
[Date "2023.10.24"]
[Round "5"]
[White "Baules Rodriguez, Jorge Luis"]
[Black "Grigoriants, Sergey"]
[Result "0-1"]
[WhiteElo "2283"]
[BlackElo "2562"]
[PlyCount "48"]
[EventDate "2023.10.24"]
[EventType "swiss (blitz)"]
[EventRounds "11"]
[EventCountry "USA"]
[SourceTitle "Mega2024 Update 01"]
[Source "Chessbase"]
[SourceDate "2023.11.12"]
[SourceVersion "1"]
[SourceVersionDate "2023.11.12"]
[SourceQuality "1"]

1. e4 e6 2. d4 d5 3. e5 c5 4. c3 Nc6 5. Nf3 Bd7 6. Bd3 cxd4 7. cxd4 Qb6 8. 0-0 Nxd4 9. Nxd4 Qxd4 10. Nc3 Qb6 11. Qe2 a6 12. Kh1 Ne7 13. Be3 d4 14. Ne4 Ng6 15. Bg5 h6 16. Bd2 Nxe5 17. a4 Be7 18. a5 Qb3 19. Nc5 Bxc5 20. Qxe5 Qxd3 21. Qxg7 0-0-0 22. Bf4 Bc6 23. Qe5 Bd6 24. Qf6 Qe4 0-1

[Event "Titled Tuesday intern op 24th Oct Late"]
[Site "Chess.com INT"]
[Date "2023.10.24"]
[Round "3"]
[White "Vila Dupla, Aurelio"]
[Black "Baules Rodriguez, Jorge Luis"]
[Result "0-1"]
[WhiteElo "2030"]
[BlackElo "2283"]
[PlyCount "52"]
[EventDate "2023.10.24"]
[EventType "swiss (blitz)"]
[EventRounds "11"]
[EventCountry "USA"]
[SourceTitle "Mega2024 Update 01"]
[Source "Chessbase"]
[SourceDate "2023.11.12"]
[SourceVersion "1"]
[SourceVersionDate "2023.11.12"]
[SourceQuality "1"]

1. Nf3 Nf6 2. d4 g6 3. g3 Bg7 4. Bg2 c5 5. c4 cxd4 6. Nxd4 0-0 7. 0-0 Nc6 8. Nc3 Qa5 9. e3 d6 10. h3 Bd7 11. Bd2 Rfc8 12. b3 a6 13. a4 Qd8 14. Qe2 Rab8 15. Rfc1 e5 16. Nc2 Be6 17. Na3 d5 18. cxd5 Nxd5 19. Nxd5 Bxd5 20. Bxd5 Qxd5 21. Nc4 b5 22. axb5 axb5 23. Na5 Nxa5 24. Rxc8+ Rxc8 25. Rxa5 Rc2 26. Ra8+ Qxa8 0-1

[Event "Medellin Flores op 30th"]
[Site "Medellin"]
[Date "2023.08.03"]
[Round "1"]
[White "Baules Rodriguez, Jorge Luis"]
[Black "Ardila, Oscar Humberto"]
[Result "0-1"]
[WhiteElo "2290"]
[BlackElo "1987"]
[PlyCount "72"]
[EventDate "2023.08.03"]
[EventType "swiss"]
[EventRounds "9"]
[EventCountry "COL"]
[SourceTitle "CBM 215 Extra"]
[Source "ChessBase"]
[SourceDate "2023.09.30"]
[SourceVersion "1"]
[SourceVersionDate "2023.09.30"]
[SourceQuality "1"]

1. e4 e5 2. Nf3 Nf6 3. Nxe5 d6 4. Nf3 Nxe4 5. d4 Be7 6. Bd3 d5 7. 0-0 Nc6 8. c4 Nb4 9. Be2 0-0 10. Nc3 Be6 11. Ne5 Nxc3 12. bxc3 Nc6 13. Nd3 Bf5 14. Qa4 dxc4 15. Qxc4 Bd6 16. Nf4 Re8 17. Bf3 Qd7 18. Qb3 Be4 19. Qd1 Qf5 20. Bg4 Qg5 21. Nh3 Qd5 22. Ng5 Bg6 23. h4 Qc4 24. Be3 h6 25. Nh3 Qxc3 26. Rc1 Qa3 27. h5 Be4 28. Be2 Qxa2 29. Bc4 Qa5 30. Qg4 Qf5 31. Qh4 Bd5 32. Be2 Qe4 33. Nf4 Bxf4 34. Bf3 Qf5 35. Bxd5 Bxe3 36. Bxc6 Bg5 0-1

[Event "Central America-ch 24th"]
[Site "San Salvador"]
[Date "2023.01.21"]
[Round "5"]
[White "Albornoz Cabrera, Carlos Daniel"]
[Black "Baules Rodriguez, Jorge Luis"]
[Result "1-0"]
[WhiteElo "2576"]
[BlackElo "2328"]
[PlyCount "73"]
[EventDate "2023.01.21"]
[EventType "swiss"]
[EventRounds "11"]
[EventCountry "ESA"]
[SourceTitle "CBM 212 Extra"]
[Source "ChessBase"]
[SourceDate "2023.03.31"]
[SourceVersion "1"]
[SourceVersionDate "2023.03.31"]
[SourceQuality "1"]

1. Nf3 Nf6 2. c4 g6 3. Nc3 Bg7 4. e4 e5 5. Nxe5 0-0 6. Nf3 Re8 7. d3 d5 8. cxd5 Nxd5 9. Nxd5 Qxd5 10. Be2 Qd6 11. 0-0 c5 12. e5 Qd5 13. Be3 Nc6 14. Rc1 Nxe5 15. Rxc5 Qxa2 16. d4 Nxf3+ 17. Bxf3 Qxb2 18. Qa4 Bf5 19. Rb5 Bd7 20. Rxb2 Bxa4 21. Rxb7 Rad8 22. Ra1 Bd7 23. Raxa7 Be6 24. Ra4 Bd7 25. Rab4 Be6 26. Bc6 Rf8 27. g3 Bc8 28. Rb8 Be6 29. Rxd8 Rxd8 30. d5 Bh3 31. Bb6 Rb8 32. Bc5 Rc8 33. f3 Bd7 34. Bd6 Bxc6 35. dxc6 Bf8 36. Rb8 Rxb8 37. Bxb8 1-0